Znane miejsca w różnych państwach - Statystyki

Ogólne statystyki
  • Ten quiz został rozwiązany 78 razy
    74 od ostatniego zresetowania
  • Średni wynik to 13 z 16
Statystyki odpowiedzi
Obrazkowy Odpowiedź % Poprawnych
Stany Zjednoczone
98%
Brazylia
94%
Włochy
92%
Japonia
91%
Egipt
89%
Niemcy
89%
Zjednoczone Emiraty Arabskie
85%
Francja
83%
Izrael
82%
Chiny
80%
Holandia
75%
Turcja
75%
Watykan
72%
Singapur
62%
Wielka Brytania
60%
Nowa Zelandia
57%
Nie znaleziono quizów pasujących do podanych kryteriów
Rozkład punktacji
Procent ludzi z każdym wynikiem
Percentyl według liczby udzielonych odpowiedzi
Twoja historia wyników
Nie rozwiązałeś tego quizu od ostatniego zresetowania